000 00558nam a22002057a 4500
003 0
005 20220114142556.0
008 0
020 _a9780073373713
040 _c0
050 _aT5
_b.B714 2012
100 _aBonhart, Edward R.
245 _aWelding principles and practices /
_cEdward R. Bonhart.
250 _aFourth edition.
260 _aUSA:
_bMcGraw Hill Companies;
_cc2012.
300 _axvii, 1147 pages:
_billustrations;
_c29 cm.
504 _aIncludes index.
650 _aW160530b xxu||||| |||| 00| 0 eng delding
942 _2lcc
_cR
999 _c3621
_d3621